000 00475nam a2200169Ia 4500
003 OSt
005 20200707101854.0
008 190216s9999||||xx |||||||||||||| ||und||
020 _a8122900119
040 _coclc
082 _a973
_bKRA/U
100 _a Kraus, Michael
_92662
245 4 _aThe United States To 1865 /
_cMichael Kraus
260 _bSurjeet Publications,
_c1989.
_aDelhi:
300 _a531p
942 _cBK
_2ddc
_h973
_iKRA/U
_k973
_mKRA/U
999 _c20186
_d20186